U.S. Geography Bee General Knowledge #4 - Statistics

General Stats
  • This quiz has been taken 46 times
    41 since last reset
  • The average score is 12 of 20
Answer Stats
Question Answer % Correct
Which state is home to the major cities of Tucson and Flagstaff? Arizona
92%
Haleakala is a national park and the second tallest mountain in which state? Hawaii
84%
The Mall of America is located in which city? Minneapolis
84%
Which state is home to both Zion National Park and Arches National Park? Utah
84%
Duluth is the largest city located on which great lake? Lake Superior
81%
Touchdown Jesus is a landmark located at the University of Notre Dame in which state? Indiana
78%
The hottest recorded temperature in the US was taken in which desert? Mojave Desert
78%
Sioux Falls and Rapid City are the two largest cities in which state? South Dakota
70%
Mammoth Caves and Marengo Caves are located in which state? Kentucky
68%
The Potomac, Susquehanna, and Delaware rivers all flow into this estuary? Chesapeake Bay
59%
Which major lake is located on the northern border of New York and Vermont? Lake Champlain
57%
Which state is the second largest producer of silver, nicknamed "The Silver State"? Nevada
57%
Which state is home to Fort Knox? Kentucky
54%
Which state capital is the least populous in the US? Montpellier
54%
The Willamette River is a tributary of the Columbia River, which flows through what major city? Portland
49%
The Narragansett Bay is located in which state? Rhode Island
46%
Which state's population has the highest percentage of Native Americans? Alaska
38%
Which state is nicknamed the "Centennial State"? Colorado
38%
Which major island chain is off the coast of California? Channel Islands
24%
What river serves as the border between Georgia and South Carolina? Savannah River
24%
No matching quizzes found
Score Distribution
Percent of People with Each Score
Percentile by Number Answered
Your Score History
You have not taken this quiz since the last reset